| 000 | 00520 a2200169 4500 | ||
|---|---|---|---|
| 003 | OSt | ||
| 005 | 20231103104141.0 | ||
| 008 | 231103b |||||||| |||| 00| 0 eng d | ||
| 020 | _a9839154729 | ||
| 040 | _coclc | ||
| 082 |
_a297.246 _bFAT/P |
||
| 100 | 1 |
_aFatoohi, Louay _99818 |
|
| 245 |
_aThe prophet Joseph in the Qur'an, the Bible and History / _cLouay Fatoohi |
||
| 260 |
_aKaula Lumpur: _bIslamic Book Trust, _c2005. |
||
| 300 | _a284p | ||
| 942 |
_2ddc _cBK _h297.246 _iFAT/P _k297.246 _mFAT/P |
||
| 999 |
_c42768 _d42768 |
||